000 00536nam a2200181Ia 4500
001 7751
005 20260306160518.0
008 260306t2007||||xx |||||||||||||| ||spa||
041 _aESP
082 _a361.25
_bV29
100 _aVara Horna, Arístides Alfredo
_eAUT
245 0 _aLa evaluación de impacto de los programas sociales:
_bfundamentos teóricos y metodológicos y análisis crítico del caso peruano
260 _c2007
300 _a336 páginas :
_c24 cm.
650 _aGEN
654 _aCAN
942 _cLIB
_dJUS
_fJUS
_2ddc
_n
999 _c7751
_d7751